Agroforestería en las Américas (Registro nro. 16667)
[ vista simple ]
| 000 -CABECERA | |
|---|---|
| Campo de control | 01129nas a22002895a 4500 |
| 005 - FECHA Y HORA DE LA ULTIMA TRANSACCION | |
| Campo de control | 20170401112003.0 |
| 008 - ELEMENTOS DE LONGITUD FIJA—INFORMACION GENERAL | |
| Campo de control | 090526c19949999cr qrzp 0 b spa d |
| 022 ## - ISSN | |
| ISSN | 1022-7482 |
| 040 ## - FUENTE DE CATALOGACIÓN | |
| Agencia catalogadora original | CO-BoBLA |
| Agencia transcriptora | CO-BoBLA |
| Agencia Modificadora | CO-BoIAVH |
| 041 0# - IDIOMA | |
| Código de idioma para texto/pista de sonido o título separado | Español |
| 044 ## - PAÍS DE PUBLICACIÓN | |
| País de publicación | Costa Rica |
| 090 ## - CLASIFICACIÓN LOCAL | |
| Colección | SE- |
| 245 10 - MENCION DE TITULO | |
| Título | Agroforestería en las Américas |
| 260 ## - PUBLICACION, DISTRIBUCION, ETC. (PIE DE IMPRENTA) | |
| Lugar de publicación, distribución, etc. | Turrialba, Costa Rica : |
| Nombre del editor, distribuidor, etc. | Catie, |
| Fecha de publicación, distribución, etc. | 1994- |
| 300 ## - DESCRIPCION FISICA | |
| Otros detalles físicos | ilustraciones a color, tablas y gráficas ; |
| Dimensiones | 28 cm. |
| 310 ## - FRECUENCIA ACTUAL DE LA PUBLICACIÓN | |
| Frecuencia actual de la publicación | Trimestral |
| 500 ## - NOTA GENERAL | |
| Nota general | Título de la cubierta. |
| 504 ## - NOTA DE BIBLIOGRAFIA, ETC. | |
| Nota de bibliografía | Incluye referencias bibliográficas. |
| 650 26 - ASIENTO SECUNDARIO DE MATERIA - TERMINO TEMATICO | |
| Término temático o nombre geográfico como elemento de entrada | Reforestación |
| Subdivisión geográfica | América Latina |
| Subdivisión de forma | Publicaciones periódicas |
| 9 (RLIN) | 80811 |
| 650 26 - ASIENTO SECUNDARIO DE MATERIA - TERMINO TEMATICO | |
| Término temático o nombre geográfico como elemento de entrada | Recursos forestales |
| Subdivisión general | Conservación de los recursos |
| Subdivisión de forma | Publicaciones periódicas |
| 9 (RLIN) | 80812 |
| 650 26 - ASIENTO SECUNDARIO DE MATERIA - TERMINO TEMATICO | |
| Término temático o nombre geográfico como elemento de entrada | Recursos forestales |
| Subdivisión general | Plantaciones |
| Subdivisión de forma | Publicaciones periódicas |
| 9 (RLIN) | 80813 |
| 650 26 - ASIENTO SECUNDARIO DE MATERIA - TERMINO TEMATICO | |
| Término temático o nombre geográfico como elemento de entrada | Agronomía |
| Subdivisión de forma | Publicaciones periódicas |
| 9 (RLIN) | 80814 |
| 650 26 - ASIENTO SECUNDARIO DE MATERIA - TERMINO TEMATICO | |
| Término temático o nombre geográfico como elemento de entrada | Sistemas agroforestales |
| Subdivisión de forma | Publicaciones periódicas |
| 9 (RLIN) | 80815 |
| 651 #6 - ASIENTO SECUNDARIO DE MATERIA - NOMBRE GEOGRAFICO | |
| Nombre geográfico | Costa Rica |
| Subdivisión de forma | Publicaciones periódicas |
| 9 (RLIN) | 80816 |
| 710 2# - ASIENTO SECUNDARIO - NOMBRE CORPORATIVO | |
| Nombre corporativo o de jurisdicción como elemento de entrada | Centro Agronómico Tropical de Investigación y Enseñanza |
| 9 (RLIN) | 3131 |
| 942 ## - ELEMENTOS ADICIONALES (KOHA) | |
| Sistema de clasificación | Local |
| Tipo de ítem | Periodica o revista |
| Serial record | 1 |
| Withdrawn status | Lost status | Sistema de Clasificación | Damaged status | No para préstamo | Colección | Fecha publicación (Año) | Volumen revista | Número revista | Inventariado | Ubicación Permanente | Ubicación actual | Fecha de adquisición | Datos de publicación Seriada | Total Checkouts | Número topográfico | Inventario / Código de Barras | Date last seen | Ejemplar | Price effective from | Forma de adquisición | Tipo de material |
|---|---|---|---|---|---|---|---|---|---|---|---|---|---|---|---|---|---|---|---|---|---|
| Local | Hemeroteca | 2001 | 8 | 32 | Inventariado 2017 | Bogotá | Bogotá | 01/04/2017 | Vol 8, No 32 | SE- | 004465 | 01/04/2017 | Ej. 1 | 01/04/2017 | Donación | Periodica o revista | |||||
| Local | Hemeroteca | 2001 | 8 | 29 | Inventariado 2017 | Bogotá | Bogotá | 01/04/2017 | Vol 8, No 29 | SE- | 004464 | 01/04/2017 | Ej. 1 | 01/04/2017 | Donación | Periodica o revista | |||||
| Local | Hemeroteca | 2002 | 9 | 35 y 36 | Inventariado 2017 | Bogotá | Bogotá | 01/04/2017 | Vol 9, Nros 35 y 36 | SE- | 014931 | 01/04/2017 | Ej. 1 | 01/04/2017 | Donación | Periodica o revista | |||||
| Local | Hemeroteca | 2000 | 7 | 27 | Inventariado 2017 | Bogotá | Bogotá | 01/04/2017 | Vol 7, No 27 | SE- | 004462 | 01/04/2017 | Ej. 1 | 01/04/2017 | Donación | Periodica o revista | |||||
| Local | Hemeroteca | 2003 | 10 | 37 y 38 | Inventariado 2017 | Bogotá | Bogotá | 01/04/2017 | Vol 10, Nros 37 y 38 | SE- | 015930 | 01/04/2017 | Ej. 1 | 01/04/2017 | Donación | Periodica o revista | |||||
| Local | Hemeroteca | 2002 | 9 | 33 y 34 | Inventariado 2017 | Bogotá | Bogotá | 01/04/2017 | Vol 9, Nros 33 y 34 | SE- | 005857 | 01/04/2017 | Ej. 1 | 01/04/2017 | Donación | Periodica o revista | |||||
| Local | Hemeroteca | 2000 | 7 | 26 | Inventariado 2017 | Bogotá | Bogotá | 01/04/2017 | Vol 7, No 26 | SE- | 004461 | 01/04/2017 | Ej. 1 | 01/04/2017 | Donación | Periodica o revista | |||||
| Local | Hemeroteca | 2000 | 7 | 28 | Inventariado 2017 | Bogotá | Bogotá | 01/04/2017 | Vol 7, No 28 | SE- | 004463 | 01/04/2017 | Ej. 1 | 01/04/2017 | Donación | Periodica o revista | |||||
| Local | Hemeroteca | 2003 | 10 | 39 y 40 | Inventariado 2017 | Bogotá | Bogotá | 01/04/2017 | Vol 10, Nros 39 y 40 | SE- | 041144 | 01/04/2017 | Ej. 1 | 01/04/2017 | Donación | Periodica o revista |